Vista normal
Vista MARC
Entrada Personal Name
Número de registros utilizados en: 8
001 - CONTROL NUMBER
- control field: 62588
003 - CONTROL NUMBER IDENTIFIER
- control field: OSt
005 - DATE AND TIME OF LATEST TRANSACTION
- control field: 20250819221301.0
008 - FIXED-LENGTH DATA ELEMENTS
- fixed length control field: 250819|| aca||aabn | a|a d
040 ## - CATALOGING SOURCE
- Original cataloging agency: OSt
- Transcribing agency: OSt
100 ## - HEADING--PERSONAL NAME
- Personal name: Romero Ibáñez, Pablo de Jesús,
- Dates associated with a name: 1964-
670 ## - SOURCE DATA FOUND
- Source citation: Work cat.: (OSt)58166: Romero Ibáñez, Pablo de Jesús, 1964-, ¿Quién hace tanto ruido? /